000 00600nam a2200181Ia 4500
008 090123s9999 xx 000 0 und d
082 _b39520
100 _aभागवत भा.रा.
245 _aआगे बढो फास्टर फेणे
250 _a4
260 _bउत्कर्ष प्रकाशन
_c2000
300 _a112
600 _aभागवत भा.रा.
630 _aआगे बढो फास्टर फेणे
700 _aभागवत भा.रा.
730 _aआगे बढो फास्टर फेणे
942 _cBOOK
999 _c77584
_d77584